000
00262nam a2200097Ia 4500
001
1191675
005
20250827021639.0
008
250824s9999 xx 000 0 und d
245
0
_a
YEDİLERİN GİZEMİ •E5 ¨294
_c
AGATHA CHRISTIE
260
_b
ALTIN YAYINLARI
999
_c
1191675
_d
1191675